The islands and tribes of Andaman and Nicobar / (Record no. 135214)

MARC details
000 -LEADER
fixed length control field 00757nam a22002297a 4500
005 - DATE AND TIME OF LATEST TRANSACTION
control field 20170124110241.0
010 ## - LIBRARY OF CONGRESS CONTROL NUMBER
LC control number B-190671
020 ## - INTERNATIONAL STANDARD BOOK NUMBER
Terms of availability 00.00
International Standard Book Number 9788172341404
035 ## - SYSTEM CONTROL NUMBER
System control number B-190671
037 ## - SOURCE OF ACQUISITION
Source of stock number/acquisition Cen Lib/Ret
040 ## - CATALOGING SOURCE
Original cataloging agency DPL
Language of cataloging EN
082 ## - DEWEY DECIMAL CLASSIFICATION NUMBER
Classification number 954.36
Item number SIN
100 ## - MAIN ENTRY--PERSONAL NAME
Personal name Singh, Priti
9 (RLIN) 95190
245 ## - TITLE STATEMENT
Title The islands and tribes of Andaman and Nicobar /
Statement of responsibility, etc by Priti Singh
246 ## - VARYING FORM OF TITLE
Remainder of title
260 ## - PUBLICATION, DISTRIBUTION, ETC. (IMPRINT)
Place of publication, distribution, etc New Delhi
Name of publisher, distributor, etc Prakash Books
Date of publication, distribution, etc 2006
270 ## - ADDRESS
Address 1, Ansari road, dariyaganj
City New Delhi
300 ## - PHYSICAL DESCRIPTION
Extent 216p. :
Dimensions 29cm(Hb)
Other physical details ill.
650 ## - SUBJECT ADDED ENTRY--TOPICAL TERM
Topical term or geographic name as entry element Andaman and Nicobar Islands (India) -- Pictorial works.
9 (RLIN) 95191
650 ## - SUBJECT ADDED ENTRY--TOPICAL TERM
Topical term or geographic name as entry element Andaman and Nicobar Islands (India) -- Description and travel.
9 (RLIN) 95192
942 ## - ADDED ENTRY ELEMENTS (KOHA)
Source of classification or shelving scheme Dewey Decimal Classification
Koha item type English Books
Classification part 954.36
Call number suffix SIN
Holdings
Withdrawn status Lost status Damaged status Not for loan Collection code Home library Current library Date acquired Source of acquisition Cost, normal purchase price Total Checkouts Full call number Barcode Date last seen Copy number Cost, replacement price Price effective from Koha item type
      Not For Loan Reference Central Library Central Library 03/10/2015 Cen Lib/Ret 0.00   954.36 SIN B-190671 03/10/2015 1 0.00 03/10/2015 English Books
      Not For Loan Reference Central Library Central Library 03/10/2015 Cen Lib/Ret 0.00   954.36 SIN B-190670 03/10/2015 1 0.00 03/10/2015 English Books

© Delhi Public Library
Hit Counter
free hit counter